00347nam a2200121Ia 4500008004100000082002300041100001400064245003100078260004800109365000600157630003100163730003100194100415s9999 xx 000 0 und d b19787a634.9(5482) aAnnmali,R aJoint Forest Management... aCHENNAIc2000bTamil Nadu Forest Department b0 aJoint Forest Management... aJoint Forest Management...